[Event "Nicolo La Rosa op 18th"]
[Site "Mazara del Vallo"]
[Date "2010.08.22"]
[Round "8"]
[White "Speciale, Francesco"]
[Black "Puleo, Diego"]
[Result "0-1"]
[WhiteElo "1893"]
[BlackElo "1938"]
[PlyCount "186"]
[EventDate "2010.08.18"]
[EventType "swiss"]
[EventRounds "9"]
[EventCountry "ITA"]
[SourceTitle "EXT 2024"]
[Source "ChessBase"]
[SourceDate "2023.10.10"]
[SourceVersion "1"]
[SourceVersionDate "2023.10.10"]
[SourceQuality "1"]

1. d4 Nf6 2. Nc3 d5 3. g3 Bf5 4. Bg2 c6 5. Nf3 e6 6. 0-0 Bd6 7. Nh4 Nbd7 8. Nxf5 exf5 9. Qd3 g6 10. f3 0-0 11. e4 fxe4 12. fxe4 dxe4 13. Bxe4 Qc7 14. Bg5 Nh5 15. Bf3 Ng7 16. Ne4 Ne6 17. Bh6 Rfe8 18. c3 Be7 19. Bg2 f5 20. Nd2 Rad8 21. Qc4 Bd6 22. Rae1 Nb6 23. Qb3 Qf7 24. Nf3 c5 25. dxc5 Nxc5 26. Qxf7+ Kxf7 27. Ng5+ Kg8 28. Rd1 Nd3 29. b4 Be5 30. Rf3 Nb2 31. Rxd8 Rxd8 32. Ne6 Rd1+ 33. Kf2 N6a4 34. g4 Bxc3 35. gxf5 Be1+ 36. Ke2 Nc3+ 37. Rxc3 Bxc3 38. fxg6 hxg6 39. Bxb7 Re1+ 40. Kf3 Rxe6 41. Bd5 Kf7 42. b5 Bd4 43. Bf4 Kf6 44. Bxe6 Kxe6 45. Ke4 Bb6 46. h3 Na4 47. Bd2 Nc5+ 48. Kf4 Kd5 49. a4 Bc7+ 50. Kg4 Kc4 51. Be3 Bb8 52. Kg5 Nxa4 53. Kxg6 Kxb5 54. Bxa7 Bxa7 55. h4 Bd4 56. h5 Nb6 57. h6 Nd7 58. Kf7 Kc6 59. h7 Ne5+ 60. Kg7 Ng4+ 61. Kf7 Kd7 62. Kg8 Nh6+ 63. Kf8 Ke6 64. Ke8 Bh8 65. Kd8 Kf7 66. Kd7 Kg6 67. Ke6 Kxh7 68. Ke7 Bd4 69. Ke6 Kg6 70. Kd5 Bg1 71. Ke4 Kg5 72. Ke5 Nf7+ 73. Ke6 Kg6 74. Kd5 Kf5 75. Kc6 Ke5 76. Kd7 Kd5 77. Ke7 Ne5 78. Kf6 Be3 79. Kf5 Nc4 80. Kg6 Ke5 81. Kf7 Bg5 82. Kg6 Bf6 83. Kh5 Kf5 84. Kh6 Nd6 85. Kh5 Ne8 86. Kh6 Bg5+ 87. Kh7 Kf6 88. Kg8 Bh6 89. Kh7 Bf8 90. Kg8 Ke7 91. Kh7 Kf7 92. Kh8 Bg7+ 93. Kh7 Nf6# 0-1

[Event "Nicolo La Rosa op 14th"]
[Site "Mazara del Vallo"]
[Date "2006.08.11"]
[Round "1"]
[White "Cammarata, Antonino"]
[Black "Speciale, Francesco"]
[Result "0-1"]
[WhiteElo "1516"]
[BlackElo "1751"]
[PlyCount "50"]
[EventDate "2006.08.11"]
[EventType "swiss"]
[EventRounds "6"]
[EventCountry "ITA"]
[SourceTitle "EXT 2011"]
[Source "ChessBase"]
[SourceDate "2010.11.26"]
[SourceVersion "1"]
[SourceVersionDate "2010.11.26"]
[SourceQuality "1"]

1. e4 g6 2. c4 Bg7 3. Nf3 d6 4. Be2 Nd7 5. 0-0 Ngf6 6. Nc3 0-0 7. d3 c5 8. Bg5 Ng4 9. Qd2 f6 10. Bh4 Nge5 11. h3 Nxf3+ 12. Bxf3 Ne5 13. Be2 Be6 14. f4 Nc6 15. Bg4 Bxg4 16. hxg4 Qd7 17. g5 Qg4 18. gxf6 exf6 19. Bf2 Rae8 20. Nd5 f5 21. Nc7 Nd4 22. Qd1 Ne2+ 23. Qxe2 Qxe2 24. Nxe8 Rxe8 25. Rfe1 Qxb2 0-1